00677 2200205 4500001002100000005001700021008004100038035002400079040001200103082001000115090001900125100001700144245009400161260007400255300003600329500004100365504002400406650002300430990001800453YOGYA-0113000000038920130108091401.0 ind  0010-011300000000389 aYOPDYOG a339.3 aSK 339.3 Puj K aPUJI LESTARI aKontribusi pajak penerangan jalan terhadap pendapatan asli daerah (PAD)/oleh Puji Lestari aYogyakartabFakultas Ekonomi universitas Teknologi "Yogyakarta"c2004 aXIII,58(5)lbrbilus,lampc29 cm aSkripsi Univ. Teknologi "Yogyakarta" aBibliografi(lbr.59) aPenghasilan Daerah a42060-PD/A.12